Tilastot visalle Pohjois-Korea... vai Etelä-Korea?

Klikkaa tästä pelataksesi tätä visaa!

Yleistilastot

  • Tätä visaa on pelattu 433 kertaa
  • Keskiarvotulos 14 / 17

Vastaustilastot

KysymysVastaus% Oikein
On diktatuuriPohjois-Korea
98%
On väkirikkaampiEtelä-Korea
95%
Sijaitsee lähempänä VladivostokiaPohjois-Korea
95%
Sitä pidetään korkean elintason maanaEtelä-Korea
93%
Sillä on tasan yksi naapurimaaEtelä-Korea
93%
Sen pääkaupungin nimi alkaa S-kirjaimellaEtelä-Korea
91%
Tunnetaan "erakkokuningaskuntana"Pohjois-Korea
91%
Sen lipussa on tähtiPohjois-Korea
90%
Noin 25 % sen väestöstä on kristittyjäEtelä-Korea
88%
Pitää hallussaan ydinaseitaPohjois-Korea
86%
On järjestänyt olympialaisetEtelä-Korea
85%
Se hallitsee Jejun saartaEtelä-Korea
76%
Japani miehitti sitä vuosina 1910–1945Molemmat
76%
On pinta-alaltaan suurempiPohjois-Korea
73%
Sen virallinen suomenkielinen nimi on "Korean demokraattinen kansantasavalta"Pohjois-Korea
69%
Tunnetaan suurista tapahtumista, joissa yli 100 000 ihmistä osallistuu taide- ja voimisteluesityksiinPohjois-Korea
51%
Maassa on hyvin vähän etnistä monimuotoisuuttaMolemmat
32%

Tulosjakauma

Persentiili vastausten määrän mukaan

Jokaisen tuloksen saaneiden osuus

Tuloshistoriasi

Et ole pelannut tätä visaa